=LDR 00000nam 2200000 4500 =001 INLIS000000000029070 =005 20200416084041 =035 ##$$a 0010-061300000029070 =008 200416################g##########0#ind## =041 ##$$a Ind =082 ##$$a 2x3.51 =090 ##$$a 2x3.51, Ahn p =100 1#$$a Ahnan, Maftuh =245 1#$$a Peringatan sebelum mati, /$c Maftuh Ahnan =260 ##$$a Gresik :$b Putra pelajar,$c 2000 =300 ##$$a xiii, 265 hlm., ; $c 14 x 21 cm =650 #4$$a Mati-Islam =850 ##$$a NBPNMAT =084 ##$$a 2x3.51 AHN p =250 ##$$a cet.1 =990 ##$$a 93642/BPAP-NTB/2014 =990 ##$$a 21194714/BPAP-NTB/2014 =990 ##$$a 21195600/BPAP-NTB/2014 =990 ##$$a 0001/BPAP-NTB/20142014